| 000 | 05664cgm a2201069Ka 4500 | ||
|---|---|---|---|
| 003 | OCoLC | ||
| 005 | 20241220122004.0 | ||
| 007 | vd cvaizq | ||
| 008 | 080201s2008 cau125 g vleng d | ||
| 001 | ocn191750531 | ||
| 035 | _a(Sirsi) i9780788877056 | ||
| 040 |
_aTEFMT _cTEFMT _dTEF _dBTCTA _dOCLCQ _dUINTA |
||
| 020 | _a0788877054 | ||
| 020 | _a9780788877056 | ||
| 024 | 1 | _a786936735390 | |
| 024 | 1 | _a00786936735390 | |
| 028 | 4 | 2 |
_a54393 _bWalt Disney Home Entertainment |
| 035 | _a(OCoLC)191750531 | ||
| 037 |
_bMidwest Tape _nhttp://www.midwesttapes.com |
||
| 041 | 1 |
_aeng _afre _aspa _beng _bfre _bspa _heng |
|
| 043 |
_an-us--- _ae-uk-en _an-us-dc _an-us-sd |
||
| 050 | 1 | 4 |
_aPN1995.9.A3 _bN3856635 2008 |
| 082 | 0 | 4 |
_a791.43/72 _222 |
| 049 | _aUCLB | ||
| 092 | _a791.437 | ||
| 245 | 0 | 0 |
_aNational treasure 2. _pBook of secrets _h[videorecording] / _cJerry Bruckheimer Films ; Junction Entertainment ; Saturn Films ; Sparkler Entertainment ; Walt Disney Pictures ; produced by Jerry Bruckheimer, Jon Turteltaub ; story by Gregory Poirier and the Wibberleys & Ted Elliott & Terry Rossio ; screenplay by the Wibberleys ; directed by Jon Turteltaub. |
| 246 | 3 | 0 | _aBook of secrets |
| 246 | 3 | _aNational treasure 2 | |
| 260 |
_aBurbank, CA : _bWalt Disney Home Entertainment, _c[2008] |
||
| 300 |
_a1 videodisc (125 min.) : _bsd., col. ; _c4 3/4 in. |
||
| 538 | _aDVD, region 1, widescreen (2.35:1) presentation; Dolby Digital. | ||
| 546 | _aEnglish, dubbed French or dubbed Spanish dialogue, French or Spanish subtitles; English subtitles for the deaf and hard of hearing; closed-captioned. | ||
| 500 | _aTitle from container. | ||
| 511 | 1 | _aNicolas Cage, Justin Bartha, Diane Kruger, Jon Voight, Helen Mirren, Ed Harris, Harvey Keitel, Bruce Greenwood, Ty Burrell, Michael Maize, Timothy V. Murphy. | |
| 508 | _aDirector of photography, Amir Mokri, John Schwartzman ; editors, William Goldenberg, David Rennie ; music, Trevor Rabin ; costume designer, Judianna Makovsky ; production designer, Dominic Watkins ; visual effects supervisor, Mitchell S. Drain, Christopher James Hall. | ||
| 500 | _aBased on the characters created by Jim Kouf and Oren Aviv & Charles Segars. | ||
| 500 | _aOriginally released as a motion picture in 2007. | ||
| 521 | 8 | _aMPAA rating: PG; some violence and action. | |
| 520 | _aWhen a missing page from the diary of John Wilkes Booth surfaces, Ben Gates' great-great grandfather is suddenly implicated as a key conspirator in the assassination of Abraham Lincoln. The page is one of 18 pages missing from Booth's diary. When doing more research, the conspiracy takes Ben, Abigail, and Riley from Buckingham Palace to the White House - both places they break into - and even stealing a page from a secret book. But in order to see more from the book, their choice is either get elected president or kidnap the President of the United States. So, Ben kidnaps the president. The conspiracy then crosses to Mount Rushmore. Now, Ben will have to clear his family's name so they will no longer be linked to the assassination. | ||
| 600 | 1 | 0 |
_aLincoln, Abraham, _d1809-1865 _xAssassination _vDrama. _96183234 |
| 650 | 0 |
_aConspiracies _zUnited States _vDrama. _95730084 |
|
| 650 | 0 |
_aDiaries _vDrama. _96461740 |
|
| 650 | 0 |
_aOfficial secrets _zUnited States _vDrama. _95755151 |
|
| 651 | 0 |
_aMount Rushmore National Memorial (S.D.) _vDrama. _96508821 |
|
| 650 | 7 |
_aAsociación delictuosa _zEstados Unidos _vTeatro. _2bidex _96508822 |
|
| 650 | 7 |
_aDiarios íntimos _vTeatro. _2bidex _96506896 |
|
| 600 | 1 | 7 |
_aLincoln, Abraham, _d1809-1865 _xAssassination _vDrama. _2sears _96183234 |
| 650 | 7 |
_aConspiracies _zUnited States _vDrama. _2sears _95730084 |
|
| 650 | 7 |
_aDiaries _vDrama. _2sears _96461740 |
|
| 650 | 7 |
_aOfficial secrets _zUnited States _vDrama. _2sears _95755151 |
|
| 651 | 7 |
_aMount Rushmore National Memorial (S.D.) _vDrama. _2sears _96508821 |
|
| 655 | 7 |
_aAdventure _vFeature. _2local _95692407 |
|
| 655 | 7 |
_aThriller _vFeature. _2local _95692409 |
|
| 655 | 7 |
_aMystery _vFeature. _2local _95756476 |
|
| 655 | 0 |
_aFeature films. _96183239 |
|
| 655 | 0 |
_aAction and adventure films. _95674017 |
|
| 655 | 0 |
_aThrillers (Motion pictures, television, etc.) _96183240 |
|
| 655 | 0 |
_aDetective and mystery films. _95674335 |
|
| 655 | 7 |
_aThrillers (Motion pictures, television, etc.) _2local _96183240 |
|
| 655 | 0 |
_aFilm sequels. _95692903 |
|
| 655 | 0 |
_aFiction films. _95674705 |
|
| 700 | 1 |
_aBruckheimer, Jerry. _961668 |
|
| 700 | 1 |
_aTurteltaub, Jon. _966150 |
|
| 700 | 1 |
_aPoirier, Gregory. _965530 |
|
| 700 | 1 |
_aWibberley, Marianne. _970264 |
|
| 700 | 1 |
_aWibberley, Cormac. _970263 |
|
| 700 | 1 |
_aElliott, Ted, _d1961- _970606 |
|
| 700 | 1 |
_aSegars, Charles. _96183241 |
|
| 700 | 1 |
_aCage, Nicolas, _d1965- _930618 |
|
| 700 | 1 |
_aBartha, Justin. _971979 |
|
| 700 | 1 |
_aKruger, Diane, _d1976- _971194 |
|
| 700 | 1 |
_aVoight, Jon, _d1938- _923753 |
|
| 700 | 1 |
_aMirren, Helen. _929939 |
|
| 700 | 1 |
_aHarris, Ed, _d1950- _939853 |
|
| 700 | 1 |
_aKeitel, Harvey. _960118 |
|
| 700 | 1 |
_aGreenwood, Bruce, _d1956- _975325 |
|
| 700 | 1 |
_aBurrell, Ty, _d1967- _972428 |
|
| 700 | 1 |
_aMaize, Michael. _96183242 |
|
| 700 | 1 |
_aMurphy, Timothy V. _95809326 |
|
| 700 | 1 |
_aKouf, Jim. _962408 |
|
| 700 | 1 |
_aAviv, Oren. _971978 |
|
| 710 | 2 |
_aJerry Bruckheimer Films. _968716 |
|
| 710 | 2 |
_aJunction Entertainment (Firm) _969393 |
|
| 710 | 2 |
_aSaturn Films. _968175 |
|
| 710 | 2 |
_aSparkler Entertainment (Firm) _96183243 |
|
| 710 | 2 |
_aWalt Disney Pictures. _922141 |
|
| 710 | 2 |
_aWalt Disney Home Entertainment (Firm) _970855 |
|
| 938 |
_aBaker and Taylor _bBTCP _nBEDDWD 54393 |
||
| 942 |
_cDVD _0471 |
||
| 994 |
_aC0 _bUINTA |
||
| 998 | _aa114984 | ||
| 999 |
_c53869 _d53869 |
||